000 00811nam a2200253Ia 4500
003 OSt
005 20220925205011.0
006 a|||||r|||| 00| 0
007 ta
008 220923b |||||||| |||| 00| 0 eng d
020 _a9780566087240
_c3833.5
037 _b105, 08/08/2008, PIONEER BOOK DISTRIBUTORS
_cGeneral Book
040 _aRTL
_cRTL
_beng
041 _2eng
_aeng
082 _aX:511-8, P8
100 _aAbrahams David
_9269433
245 0 _aBrand risk
_b Adding risk literacy to brand management
260 _aHampshire
_bGower
_c2008
300 _ax, 212p
_ccm.
500 _aBibliography: Chapterwise and P: 201-07
650 _aCOMMERCE
942 _hX:511-8, P8
_cGB
_2CC
999 _c550959
_d550959